|
|
|
|
| LEADER |
00000nam0a2200000 4500 |
| 001 |
266212 |
| 005 |
20231101234001.0 |
| 035 |
|
|
|a (RuTPU)RU\TPU\book\289216
|
| 035 |
|
|
|a RU\TPU\book\44975
|
| 090 |
|
|
|a 266212
|
| 100 |
|
|
|a 20140703d1947 m y0rusy50 ca
|
| 101 |
0 |
|
|a rus
|
| 102 |
|
|
|a RU
|
| 105 |
|
|
|a af j 001zy
|
| 200 |
1 |
|
|a Электрические явления в газах и вакууме
|e учебное пособие для втузов
|f Н. А. Капцов
|
| 210 |
|
|
|a Москва
|a Ленинград
|c Гостехиздат
|d 1947
|
| 215 |
|
|
|a 808 с.
|c ил., вкл. 1 л. черт.
|
| 320 |
|
|
|a Библиогр.: с. 729-797.
|
| 320 |
|
|
|a Предм. указ.: с. 798-805.
|
| 320 |
|
|
|a Имен. указ.: с. 806-808.
|
| 606 |
1 |
|
|a Газы
|x Электрические явления
|2 stltpush
|3 (RuTPU)RU\TPU\subj\5352
|9 33453
|
| 610 |
1 |
|
|a вакуум
|
| 610 |
1 |
|
|a электронная эмиссия
|
| 610 |
1 |
|
|a термоэлектронная эмиссия
|
| 610 |
1 |
|
|a ионизация
|
| 610 |
1 |
|
|a газовый разряд
|
| 610 |
1 |
|
|a тлеющий разряд
|
| 610 |
1 |
|
|a газоразрядная плазма
|
| 610 |
1 |
|
|a дуговые разряды
|
| 610 |
1 |
|
|a искровой разряд
|
| 610 |
1 |
|
|a молния
|
| 610 |
1 |
|
|a коронный разряд
|
| 610 |
1 |
|
|a учебные пособия
|
| 675 |
|
|
|a 537(075.8)
|v 3
|
| 700 |
|
1 |
|a Капцов
|b Н. А.
|
| 801 |
|
1 |
|a RU
|b 63413507
|c 20021010
|g PSBO
|
| 801 |
|
2 |
|a RU
|b 63413507
|c 20210426
|g PSBO
|
| 900 |
|
|
|a Современные проблемы физики кинетических явлений
|
| 900 |
|
|
|a Современные проблемы науки и производства
|
| 942 |
|
|
|c BK
|